Prawda czy fałsz?-biologia - Statystyki

Ogólne statystyki
  • Ten quiz został rozwiązany 376 razy
  • Średni wynik to 4 z 7
Statystyki odpowiedzi
Zagadnienie Odpowiedź % Poprawnych
Replikacja DNA jest objawem poważnego zaburzenia funkcjonowania organizmu. FAŁSZ
82%
Każda mutacja w materiale genetycznym jest negatywna w skutkach dla organizmu. FAŁSZ
80%
Jednym z działów biologii jest taksonomia - nauka o zasadach i metodach klasyfikowania organizmów. PRAWDA
73%
Gametofit to haploidalne stadium przemiany pokoleń roślin. PRAWDA
73%
Dzieworództwo jest powszechne u rozwielitek, a także sporadyczne u niektórych ryb, płazów, gadów. PRAWDA
64%
Cykl Krebsa to końcowy etap metabolizmu organizmów oddychających beztlenowo, polegający na przemianach kwasu cytrynowego. FAŁSZ
56%
Nazwa "biologia" pochodzi od greckich słów "bios" czyli "organizm" i "logos" czyli "nauka" FAŁSZ
15%
Nie znaleziono quizów pasujących do podanych kryteriów
Rozkład punktacji
Procent ludzi z każdym wynikiem
Percentyl według liczby udzielonych odpowiedzi
Twoja historia wyników
Nie rozwiązałeś tego quizu